UM Logo

Pediatric nursing / (Record no. 7883)

MARC details
000 -LEADER
fixed length control field 00729nam a2200205 4500
008 - FIXED-LENGTH DATA ELEMENTS--GENERAL INFORMATION
fixed length control field 171205b xxu||||| |||| 00| 0 eng d
020 ## - INTERNATIONAL STANDARD BOOK NUMBER
International Standard Book Number 0781721873
082 ## - DEWEY DECIMAL CLASSIFICATION NUMBER
Edition number 2001
Classification number DC 610.73
Item number P34
245 ## - TITLE STATEMENT
Title Pediatric nursing /
Statement of responsibility, etc. edited by Mary E. Muscari.
250 ## - EDITION STATEMENT
Edition statement Third edition.
260 ## - PUBLICATION, DISTRIBUTION, ETC. (IMPRINT)
Place of publication, distribution, etc. Philadelphia :
Name of publisher, distributor, etc. Lippincott,
Date of publication, distribution, etc. ©2001.
300 ## - PHYSICAL DESCRIPTION
Extent xiv, 414 pages ;
Dimensions 22 cm.
440 ## - SERIES STATEMENT/ADDED ENTRY--TITLE
9 (RLIN) 24060
Title Lippincott's review series.
500 ## - GENERAL NOTE
General note Includes bibliographical references and index.
650 #0 - SUBJECT ADDED ENTRY--TOPICAL TERM
9 (RLIN) 24063
Topical term or geographic name as entry element Pediatric nursing
General subdivision Examinations, questions, etc.
650 #0 - SUBJECT ADDED ENTRY--TOPICAL TERM
9 (RLIN) 24067
Topical term or geographic name as entry element Pediatric Nursing.
650 #0 - SUBJECT ADDED ENTRY--TOPICAL TERM
9 (RLIN) 24066
Topical term or geographic name as entry element Pediatric nursing
General subdivision Outlines, syllabi, etc.
700 ## - ADDED ENTRY--PERSONAL NAME
9 (RLIN) 24069
Personal name Muscari, Mary E.,editor.
942 ## - ADDED ENTRY ELEMENTS (KOHA)
Source of classification or shelving scheme Dewey Decimal Classification
Koha item type Circulation
Holdings
Withdrawn status Lost status Source of classification or shelving scheme Damaged status Not for loan Collection code Home library Current library Date acquired Source of acquisition Total Checkouts Full call number Barcode Date last seen Copy number Price effective from Koha item type
    Dewey Decimal Classification     Circulation UM Digos College - LIC UM Digos College - LIC   Purchased   DC 610.73 P34 2001 15122 05/15/2025 1 12/05/2017 Circulation